000 00486nab a2200145Ia 4500
003 ES-SlBCS
005 20230216103711.0
008 140529s1990 xxu||||| |||| 00| 0 spa d
041 _aspa
100 1 _aLobato Casado, Abelardo
_d(1925-2012)
_93185
245 0 0 _aLa dignidad del hombre en Santo Tomás de Aquino
_c Abelardo Lobato Casado
600 0 4 _aTomás de Aquino-Dignidad del Hombre
_9198873
773 0 _tCarthaginensia
_gvol. 6, nº. 9, 1990, págs. 139-153
_wRev107
942 _cAR
999 _c626153
_d626153